[Event "WYCC Girls 12"]
[Site "Porto Carras"]
[Date "2015.10.26"]
[Round "2.5"]
[White "Duran, Esma Doga"]
[Black "Nabaa, Sami Abbas"]
[Result "1-0"]
[BlackElo "1626"]
[WhiteElo "1876"]
[LiveChessVersion "1.4.6"]

1. d4 {[%clk 1:30:57]} d5 {[%clk 1:30:38]} 2. c4 {[%clk 1:31:21]} c6
{[%clk 1:30:40]} 3. Nf3 {[%clk 1:31:23]} Nf6 {[%clk 1:30:32]} 4. Nc3
{[%clk 1:31:30]} dxc4 {[%clk 1:29:18]} 5. a4 {[%clk 1:31:22]} Bf5
{[%clk 1:26:54]} 6. e3 {[%clk 1:30:43]} e6 {[%clk 1:24:43]} 7. Bxc4
{[%clk 1:30:37]} Nbd7 {[%clk 1:21:12]} 8. O-O {[%clk 1:29:52]} Be7
{[%clk 1:16:55]} 9. Qe2 {[%clk 1:27:37]} O-O {[%clk 1:12:30]} 10. e4
{[%clk 1:26:26]} Bg6 {[%clk 1:10:33]} 11. Bg5 {[%clk 1:23:51]} Nb6
{[%clk 1:04:49]} 12. Bd3 {[%clk 1:23:04]} a5 {[%clk 0:57:12]} 13. Rad1
{[%clk 1:19:43]} Qc7 {[%clk 0:50:35]} 14. Ne5 {[%clk 1:11:06]} Rad8
{[%clk 0:47:10]} 15. Bc2 {[%clk 1:10:09]} Bh5 {[%clk 0:41:46]} 16. Nf3
{[%clk 1:05:38]} h6 {[%clk 0:39:09]} 17. Bh4 {[%clk 1:01:49]} Bg6
{[%clk 0:32:17]} 18. Bg3 {[%clk 0:58:56]} Qc8 {[%clk 0:31:35]} 19. Ne5
{[%clk 0:55:27]} Bh7 {[%clk 0:31:20]} 20. f4 {[%clk 0:47:27]} c5 {[%clk 0:28:39]}
21. Nb5 {[%clk 0:37:26]} cxd4 {[%clk 0:24:07]} 22. Nxd4 {[%clk 0:37:29]} Bc5
{[%clk 0:22:35]} 23. Bf2 {[%clk 0:36:51]} Nfd7 {[%clk 0:19:07]} 24. Ng4
{[%clk 0:28:14]} Rfe8 {[%clk 0:12:38]} 25. Bh4 {[%clk 0:22:17]} Be7
{[%clk 0:11:33]} 26. Bxe7 {[%clk 0:21:09]} Rxe7 {[%clk 0:11:49]} 27. Nb5
{[%clk 0:19:29]} Nf8 {[%clk 0:07:19]} 28. Ne5 {[%clk 0:12:32]} Nfd7
{[%clk 0:05:18]} 29. Qd2 {[%clk 0:10:53]} Nc4 {[%clk 0:02:32]} 30. Nxc4
{[%clk 0:09:42]} Qxc4 {[%clk 0:02:54]} 31. Qxa5 {[%clk 0:09:02]} b6
{[%clk 0:01:44]} 32. Qxb6 {[%clk 0:07:35]} Rb8 {[%clk 0:00:43]} 33. Qxb8+
{[%clk 0:07:50]} 1-0

[Event "WYCC Girls 12"]
[Site "Porto Carras"]
[Date "2015.10.26"]
[Round "2.6"]
[White "Kutyanina, Mariya"]
[Black "Salonika, Saina"]
[Result "0-1"]
[BlackElo "1858"]
[WhiteElo "1633"]
[LiveChessVersion "1.4.6"]

1. e4 {[%clk 1:30:57]} c5 {[%clk 1:30:46]} 2. Nf3 {[%clk 1:31:13]} d6
{[%clk 1:31:06]} 3. d4 {[%clk 1:31:37]} cxd4 {[%clk 1:31:31]} 4. Nxd4
{[%clk 1:32:02]} Nf6 {[%clk 1:31:56]} 5. Nc3 {[%clk 1:32:25]} g6 {[%clk 1:32:20]}
6. Be3 {[%clk 1:32:35]} Bg7 {[%clk 1:32:44]} 7. f3 {[%clk 1:32:40]} O-O
{[%clk 1:33:02]} 8. Qd2 {[%clk 1:33:02]} Nc6 {[%clk 1:33:25]} 9. Bc4
{[%clk 1:32:58]} Bd7 {[%clk 1:33:49]} 10. h4 {[%clk 1:32:57]} Rc8
{[%clk 1:34:03]} 11. Bb3 {[%clk 1:33:21]} h5 {[%clk 1:34:23]} 12. O-O-O
{[%clk 1:30:43]} Ne5 {[%clk 1:34:06]} 13. Bh6 {[%clk 1:20:43]} Nc4
{[%clk 1:33:07]} 14. Bxc4 {[%clk 1:21:05]} Rxc4 {[%clk 1:33:32]} 15. Nb3
{[%clk 1:21:12]} b5 {[%clk 1:24:04]} 16. Bxg7 {[%clk 1:16:10]} Kxg7
{[%clk 1:24:16]} 17. Kb1 {[%clk 1:14:11]} a5 {[%clk 1:09:26]} 18. Nd5
{[%clk 1:07:13]} Nxd5 {[%clk 1:09:08]} 19. Qxd5 {[%clk 1:07:06]} a4
{[%clk 0:53:32]} 20. Nd2 {[%clk 1:04:56]} Rc5 {[%clk 0:49:51]} 21. Qd4+
{[%clk 1:04:35]} f6 {[%clk 0:49:20]} 22. Nf1 {[%clk 1:01:57]} Qa5
{[%clk 0:40:19]} 23. a3 {[%clk 0:59:30]} Qc7 {[%clk 0:25:04]} 24. Ne3
{[%clk 0:59:03]} Be6 {[%clk 0:24:59]} 25. Rhe1 {[%clk 0:36:27]} Rc8
{[%clk 0:23:29]} 26. c3 {[%clk 0:34:13]} Bb3 {[%clk 0:18:16]} 27. Nd5
{[%clk 0:24:37]} Qb7 {[%clk 0:16:54]} 28. Rd2 {[%clk 0:23:10]} e5
{[%clk 0:16:40]} 29. Qd3 {[%clk 0:19:15]} Bc4 {[%clk 0:16:31]} 30. Qe3
{[%clk 0:17:43]} Bxd5 {[%clk 0:16:30]} 31. exd5 {[%clk 0:18:03]} f5
{[%clk 0:14:57]} 32. Red1 {[%clk 0:16:43]} Rc4 {[%clk 0:14:55]} 33. g3
{[%clk 0:15:04]} R8c5 {[%clk 0:14:53]} 34. Qg1 {[%clk 0:11:58]} Qf7
{[%clk 0:14:11]} 35. Qg2 {[%clk 0:10:26]} Qf6 {[%clk 0:12:24]} 36. Qh3
{[%clk 0:08:27]} Kf7 {[%clk 0:10:50]} 37. Rg1 {[%clk 0:07:49]} Ke7
{[%clk 0:11:02]} 38. Ka1 {[%clk 0:07:18]} Qf7 {[%clk 0:06:57]} 39. g4
{[%clk 0:03:57]} fxg4 {[%clk 0:05:56]} 40. fxg4 {[%clk 0:34:21]} hxg4
{[%clk 0:34:40]} 41. Rxg4 {[%clk 0:34:41]} Qf5 {[%clk 0:33:58]} 42. Rg3
{[%clk 0:33:28]} Qxh3 {[%clk 0:32:15]} 43. Rxh3 {[%clk 0:33:48]} Kf6
{[%clk 0:27:55]} 44. h5 {[%clk 0:31:19]} g5 {[%clk 0:26:57]} 45. Rg3
{[%clk 0:17:20]} Rh4 {[%clk 0:26:21]} 46. Rf2+ {[%clk 0:17:19]} Rf4
{[%clk 0:26:34]} 47. Rfg2 {[%clk 0:16:26]} Rf5 {[%clk 0:26:41]} 48. Rd2
{[%clk 0:15:52]} Rc4 {[%clk 0:26:51]} 49. Rh2 {[%clk 0:15:05]} Rh4
{[%clk 0:25:00]} 50. Rgh3 {[%clk 0:13:12]} Rff4 {[%clk 0:25:22]} 51. Kb1
{[%clk 0:11:48]} Kg7 {[%clk 0:25:12]} 52. h6+ {[%clk 0:11:02]} Kxh6
{[%clk 0:25:36]} 53. Kc2 {[%clk 0:11:05]} Rxh3 {[%clk 0:25:56]} 54. Rxh3+
{[%clk 0:11:34]} Kg6 {[%clk 0:26:18]} 55. b3 {[%clk 0:11:43]} Rf2+
{[%clk 0:26:32]} 56. Kb1 {[%clk 0:10:21]} axb3 {[%clk 0:26:55]} 57. c4
{[%clk 0:10:27]} bxc4 {[%clk 0:27:19]} 58. Rc3 {[%clk 0:10:52]} Rc2
{[%clk 0:26:41]} 59. Rxc2 {[%clk 0:11:13]} bxc2+ {[%clk 0:27:08]} 60. Kxc2
{[%clk 0:11:39]} g4 {[%clk 0:27:36]} 61. a4 {[%clk 0:11:58]} g3 {[%clk 0:27:59]}
62. a5 {[%clk 0:12:20]} g2 {[%clk 0:28:15]} 0-1

[Event "WYCC Girls 12"]
[Site "Porto Carras"]
[Date "2015.10.26"]
[Round "2.7"]
[White "Ros Alonso, Joana"]
[Black "Bui, Ngoc Han Julia"]
[Result "0-1"]
[BlackElo "1620"]
[WhiteElo "1849"]
[LiveChessVersion "1.4.6"]

1. e4 {[%clk 1:30:56]} e6 {[%clk 1:30:50]} 2. d4 {[%clk 1:31:20]} d5
{[%clk 1:31:14]} 3. Nd2 {[%clk 1:31:31]} Nf6 {[%clk 1:31:06]} 4. e5
{[%clk 1:31:53]} Nfd7 {[%clk 1:31:25]} 5. Bd3 {[%clk 1:31:58]} c5
{[%clk 1:31:14]} 6. c3 {[%clk 1:32:12]} Nc6 {[%clk 1:31:19]} 7. Ne2
{[%clk 1:32:14]} cxd4 {[%clk 1:31:18]} 8. cxd4 {[%clk 1:32:20]} f6
{[%clk 1:31:15]} 9. exf6 {[%clk 1:32:33]} Nxf6 {[%clk 1:31:37]} 10. Nf3
{[%clk 1:32:51]} Bd6 {[%clk 1:29:13]} 11. O-O {[%clk 1:33:03]} O-O
{[%clk 1:28:28]} 12. Bf4 {[%clk 1:32:11]} Nh5 {[%clk 1:26:05]} 13. Bg5
{[%clk 1:12:44]} Qc7 {[%clk 1:21:09]} 14. Qc2 {[%clk 1:06:05]} h6
{[%clk 1:18:33]} 15. Bg6 {[%clk 0:58:08]} Rxf3 {[%clk 0:54:38]} 16. gxf3
{[%clk 0:45:42]} Bxh2+ {[%clk 0:52:53]} 17. Kg2 {[%clk 0:41:17]} Nf4+
{[%clk 0:51:24]} 18. Bxf4 {[%clk 0:36:49]} Bxf4 {[%clk 0:51:32]} 19. Rad1
{[%clk 0:27:08]} Bd7 {[%clk 0:46:54]} 20. Ng3 {[%clk 0:14:01]} Rf8
{[%clk 0:37:04]} 21. Rg1 {[%clk 0:09:01]} Qb6 {[%clk 0:31:36]} 22. Ne2
{[%clk 0:02:30]} Bg5 {[%clk 0:23:44]} 23. a3 {[%clk 0:00:59]} Ne7
{[%clk 0:20:06]} 24. Bd3 {[%clk 0:00:51]} Nf5 {[%clk 0:18:54]} 25. Bxf5
{[%clk 0:01:10]} Rxf5 {[%clk 0:18:42]} 26. f4 {[%clk 0:00:39]} Bxf4
{[%clk 0:15:53]} 27. Nxf4 {[%clk 0:00:57]} Rxf4 {[%clk 0:16:09]} 28. Qd2
{[%clk 0:01:20]} Qd6 {[%clk 0:14:05]} 29. Kf1 {[%clk 0:01:12]} Bb5+
{[%clk 0:14:03]} 30. Kg2 {[%clk 0:01:04]} e5 {[%clk 0:12:55]} 31. Qc3
{[%clk 0:00:37]} Qg6+ {[%clk 0:12:14]} 32. Kh3 {[%clk 0:00:34]} Bd7+
{[%clk 0:12:22]} 0-1

[Event "WYCC Girls 12"]
[Site "Porto Carras"]
[Date "2015.10.26"]
[Round "2.8"]
[White "Vanduyfhuys, Daria"]
[Black "Nurgali, Nazerke"]
[Result "1/2-1/2"]
[BlackElo "1841"]
[WhiteElo "1623"]
[LiveChessVersion "1.4.6"]

1. e4 {[%clk 1:30:58]} c5 {[%clk 1:30:33]} 2. Nc3 {[%clk 1:31:22]} Nc6
{[%clk 1:30:39]} 3. Bb5 {[%clk 1:30:39]} e6 {[%clk 1:29:18]} 4. Bxc6
{[%clk 1:30:59]} dxc6 {[%clk 1:29:18]} 5. d3 {[%clk 1:31:02]} Ne7
{[%clk 1:28:15]} 6. f4 {[%clk 1:30:09]} Ng6 {[%clk 1:23:47]} 7. Nf3
{[%clk 1:29:01]} Qc7 {[%clk 1:22:08]} 8. Ne2 {[%clk 1:27:50]} Be7
{[%clk 1:21:15]} 9. O-O {[%clk 1:27:08]} O-O {[%clk 1:19:59]} 10. Qe1
{[%clk 1:18:19]} b6 {[%clk 1:15:01]} 11. Kh1 {[%clk 1:16:26]} Ba6
{[%clk 1:10:38]} 12. b3 {[%clk 1:15:15]} f6 {[%clk 1:08:13]} 13. Nd2
{[%clk 1:04:12]} Bd6 {[%clk 1:05:29]} 14. Nc4 {[%clk 1:03:35]} Bxc4
{[%clk 0:55:26]} 15. bxc4 {[%clk 1:03:56]} Rab8 {[%clk 0:53:19]} 16. Be3
{[%clk 1:01:30]} b5 {[%clk 0:47:14]} 17. Qc3 {[%clk 0:57:04]} a5 {[%clk 0:43:27]}
18. a4 {[%clk 0:55:58]} b4 {[%clk 0:41:46]} 19. Qe1 {[%clk 0:55:52]} Qa7
{[%clk 0:38:05]} 20. Nc1 {[%clk 0:53:21]} Rf7 {[%clk 0:37:01]} 21. Nb3
{[%clk 0:52:10]} Nf8 {[%clk 0:35:52]} 22. Qf2 {[%clk 0:51:52]} Nd7
{[%clk 0:36:03]} 23. f5 {[%clk 0:51:09]} exf5 {[%clk 0:34:56]} 24. Qxf5
{[%clk 0:51:30]} Re8 {[%clk 0:31:48]} 25. Bf4 {[%clk 0:47:06]} Ne5
{[%clk 0:28:46]} 26. Be3 {[%clk 0:45:27]} g6 {[%clk 0:25:28]} 27. Qh3
{[%clk 0:44:12]} h5 {[%clk 0:17:59]} 28. Qh4 {[%clk 0:41:57]} Ng4
{[%clk 0:15:33]} 29. Bg1 {[%clk 0:42:16]} Ref8 {[%clk 0:15:19]} 30. h3
{[%clk 0:41:26]} Ne5 {[%clk 0:14:51]} 31. Qf2 {[%clk 0:41:06]} Nd7
{[%clk 0:12:42]} 32. Qe3 {[%clk 0:39:41]} Qc7 {[%clk 0:07:58]} 33. Qe2
{[%clk 0:38:00]} Re7 {[%clk 0:06:45]} 34. Be3 {[%clk 0:37:41]} Re6
{[%clk 0:04:40]} 35. Qf2 {[%clk 0:37:06]} Qa7 {[%clk 0:04:47]} 36. Rad1
{[%clk 0:34:48]} f5 {[%clk 0:04:04]} 37. exf5 {[%clk 0:34:04]} Rxf5
{[%clk 0:04:16]} 38. Qg1 {[%clk 0:33:42]} Rfe5 {[%clk 0:03:36]} 39. Bf4
{[%clk 0:32:23]} Re2 {[%clk 0:03:35]} 40. Bxd6 {[%clk 1:02:46]} Rxd6
{[%clk 0:33:54]} 41. Rd2 {[%clk 1:02:13]} Re5 {[%clk 0:33:41]} 42. Re1
{[%clk 1:00:49]} Rde6 {[%clk 0:32:27]} 43. Rxe5 {[%clk 1:00:21]} Rxe5
{[%clk 0:32:48]} 44. Qf2 {[%clk 0:59:25]} Qa8 {[%clk 0:31:49]} 45. Re2
{[%clk 0:57:58]} Qe8 {[%clk 0:26:28]} 46. Rxe5 {[%clk 0:56:20]} Qxe5
{[%clk 0:26:41]} 47. Qf3 {[%clk 0:51:48]} Qe1+ {[%clk 0:26:05]} 48. Kh2
{[%clk 0:52:10]} Ne5 {[%clk 0:23:17]} 49. Qf6 {[%clk 0:48:24]} Qe3
{[%clk 0:22:20]} 50. Nxa5 {[%clk 0:46:09]} g5 {[%clk 0:19:39]} 51. Qd8+
{[%clk 0:42:49]} Kg7 {[%clk 0:19:12]} 52. Qe7+ {[%clk 0:43:03]} Kg8
{[%clk 0:18:21]} 53. Qe8+ {[%clk 0:41:01]} Kg7 {[%clk 0:18:43]} 54. Qe7+
{[%clk 0:38:44]} Kg8 {[%clk 0:18:52]} 55. Qe8+ {[%clk 0:39:09]} Kg7
{[%clk 0:18:42]} 56. Qe7+ {[%clk 0:39:24]} Kg8 {[%clk 0:18:08]} 57. Qe8+
{[%clk 0:39:46]} 1/2-1/2

[Event "WYCC Girls 12"]
[Site "Porto Carras"]
[Date "2015.10.26"]
[Round "2.9"]
[White "Bashkansky, Naomi"]
[Black "Majoros, Rozsa"]
[Result "1-0"]
[BlackElo "1826"]
[WhiteElo "1609"]
[LiveChessVersion "1.4.6"]

1. d4 {[%clk 1:30:58]} Nf6 {[%clk 1:30:48]} 2. c4 {[%clk 1:31:19]} g6
{[%clk 1:30:56]} 3. Nc3 {[%clk 1:31:33]} c5 {[%clk 1:31:14]} 4. d5
{[%clk 1:31:53]} d6 {[%clk 1:31:29]} 5. e4 {[%clk 1:32:10]} Bg7 {[%clk 1:31:46]}
6. f3 {[%clk 1:32:27]} O-O {[%clk 1:31:23]} 7. Be3 {[%clk 1:32:26]} e6
{[%clk 1:29:45]} 8. Qd2 {[%clk 1:32:09]} Re8 {[%clk 1:22:31]} 9. Nge2
{[%clk 1:31:40]} Na6 {[%clk 1:18:50]} 10. g4 {[%clk 1:27:28]} Nc7
{[%clk 1:03:23]} 11. Ng3 {[%clk 1:21:59]} a6 {[%clk 0:57:16]} 12. a4
{[%clk 1:20:19]} Rb8 {[%clk 0:46:47]} 13. h4 {[%clk 1:17:48]} exd5
{[%clk 0:45:54]} 14. cxd5 {[%clk 1:16:12]} b5 {[%clk 0:39:29]} 15. h5
{[%clk 1:11:42]} b4 {[%clk 0:34:17]} 16. Nd1 {[%clk 1:10:04]} Qe7
{[%clk 0:24:13]} 17. Qh2 {[%clk 0:56:43]} Bxg4 {[%clk 0:09:27]} 18. hxg6
{[%clk 0:48:14]} Bxf3 {[%clk 0:08:24]} 19. Nf5 {[%clk 0:45:22]} Qf8
{[%clk 0:03:22]} 20. gxh7+ {[%clk 0:43:19]} Kh8 {[%clk 0:03:39]} 21. Rg1
{[%clk 0:42:59]} Ng4 {[%clk 0:02:43]} 22. Qh3 {[%clk 0:35:26]} Bxd1
{[%clk 0:02:10]} 23. Kxd1 {[%clk 0:33:14]} Nxe3+ {[%clk 0:02:30]} 24. Qxe3
{[%clk 0:33:19]} Nxd5 {[%clk 0:01:58]} 25. Qd2 {[%clk 0:32:49]} Nc3+
{[%clk 0:01:20]} 26. bxc3 {[%clk 0:31:51]} bxc3 {[%clk 0:01:34]} 27. Qc2
{[%clk 0:22:50]} Rb2 {[%clk 0:00:54]} 28. Rxg7 {[%clk 0:22:46]} Rxc2
{[%clk 0:00:40]} 29. Kxc2 {[%clk 0:22:40]} Qxg7 {[%clk 0:00:53]} 30. Nxg7
{[%clk 0:23:03]} Kxg7 {[%clk 0:01:15]} 31. Bd3 {[%clk 0:22:56]} Kxh7
{[%clk 0:01:20]} 32. e5+ {[%clk 0:22:34]} Kg7 {[%clk 0:01:35]} 33. Rg1+
{[%clk 0:22:07]} Kf8 {[%clk 0:01:51]} 34. exd6 {[%clk 0:21:34]} Rd8
{[%clk 0:02:09]} 35. Bxa6 {[%clk 0:21:28]} Rxd6 {[%clk 0:02:28]} 36. Bb5
{[%clk 0:21:32]} Rd8 {[%clk 0:01:47]} 37. Kxc3 {[%clk 0:21:42]} Ke7
{[%clk 0:01:59]} 38. Re1+ {[%clk 0:21:35]} Kf6 {[%clk 0:01:37]} 39. Kc4
{[%clk 0:20:33]} Kg5 {[%clk 0:01:49]} 40. Kxc5 {[%clk 0:49:50]} f5
{[%clk 0:32:14]} 41. Re8 {[%clk 0:48:55]} Rd1 {[%clk 0:31:10]} 42. a5
{[%clk 0:48:39]} f4 {[%clk 0:31:02]} 43. a6 {[%clk 0:48:35]} f3 {[%clk 0:30:24]}
44. a7 {[%clk 0:48:37]} Ra1 {[%clk 0:30:12]} 45. a8=Q {[%clk 0:48:28]} Rxa8
{[%clk 0:30:31]} 46. Rxa8 {[%clk 0:48:48]} Kg4 {[%clk 0:30:48]} 47. Kd4
{[%clk 0:48:55]} Kg3 {[%clk 0:31:04]} 48. Ke3 {[%clk 0:49:16]} f2
{[%clk 0:31:15]} 49. Rg8+ {[%clk 0:49:31]} Kh4 {[%clk 0:31:33]} 50. Kxf2
{[%clk 0:49:40]} Kh5 {[%clk 0:31:49]} 51. Kf3 {[%clk 0:49:59]} Kh6
{[%clk 0:32:06]} 52. Kf4 {[%clk 0:50:10]} Kh7 {[%clk 0:32:28]} 53. Bc4
{[%clk 0:50:22]} Kh6 {[%clk 0:32:47]} 54. Bd3 {[%clk 0:50:34]} Kh5
{[%clk 0:33:01]} 55. Rh8# {[%clk 0:51:01]} 1-0

[Event "WYCC Girls 12"]
[Site "Porto Carras"]
[Date "2015.10.26"]
[Round "2.10"]
[White "Berdnyk, Mariia"]
[Black "Misiuk, Emilija"]
[Result "1-0"]
[BlackElo "1604"]
[WhiteElo "1822"]
[LiveChessVersion "1.4.6"]

1. e4 {[%clk 1:30:58]} c5 {[%clk 1:30:45]} 2. d4 {[%clk 1:31:24]} cxd4
{[%clk 1:31:00]} 3. c3 {[%clk 1:31:52]} d3 {[%clk 1:30:52]} 4. Bxd3
{[%clk 1:32:09]} Nc6 {[%clk 1:29:55]} 5. c4 {[%clk 1:29:27]} Nf6 {[%clk 1:23:18]}
6. Nc3 {[%clk 1:24:41]} g6 {[%clk 1:21:55]} 7. f4 {[%clk 1:19:23]} d6
{[%clk 1:20:10]} 8. Nf3 {[%clk 1:17:39]} Bg7 {[%clk 1:14:56]} 9. Qe2
{[%clk 1:12:48]} O-O {[%clk 1:09:55]} 10. O-O {[%clk 1:10:54]} Nd7
{[%clk 0:55:00]} 11. Be3 {[%clk 1:06:43]} Nb6 {[%clk 0:54:36]} 12. f5
{[%clk 0:55:36]} e6 {[%clk 0:41:46]} 13. c5 {[%clk 0:46:55]} dxc5
{[%clk 0:40:49]} 14. Bxc5 {[%clk 0:47:06]} Re8 {[%clk 0:39:52]} 15. fxg6
{[%clk 0:45:40]} hxg6 {[%clk 0:39:42]} 16. e5 {[%clk 0:41:52]} Nd7
{[%clk 0:38:16]} 17. Bd6 {[%clk 0:41:33]} Ndxe5 {[%clk 0:33:18]} 18. Bxe5
{[%clk 0:40:46]} Nxe5 {[%clk 0:32:54]} 19. Nxe5 {[%clk 0:40:27]} Qd4+
{[%clk 0:31:47]} 20. Kh1 {[%clk 0:40:26]} Qxe5 {[%clk 0:31:16]} 21. Qf3
{[%clk 0:40:13]} Rf8 {[%clk 0:28:57]} 22. Rae1 {[%clk 0:37:07]} Qc7
{[%clk 0:28:08]} 23. Ne4 {[%clk 0:35:08]} Qe7 {[%clk 0:25:09]} 24. Qg3
{[%clk 0:33:08]} b6 {[%clk 0:22:32]} 25. Ng5 {[%clk 0:21:39]} Bh6
{[%clk 0:20:51]} 26. Re5 {[%clk 0:14:25]} f6 {[%clk 0:17:34]} 27. Nxe6
{[%clk 0:13:47]} Bxe6 {[%clk 0:09:01]} 28. Rxe6 {[%clk 0:08:26]} Qxe6
{[%clk 0:06:28]} 29. Qxg6+ {[%clk 0:08:43]} Bg7 {[%clk 0:06:45]} 30. Qh7+
{[%clk 0:08:19]} Kf7 {[%clk 0:07:05]} 31. Bg6+ {[%clk 0:08:46]} Ke7
{[%clk 0:07:24]} 32. Qxg7+ {[%clk 0:09:11]} Kd6 {[%clk 0:07:26]} 33. Bf5
{[%clk 0:07:34]} Rf7 {[%clk 0:05:41]} 34. Qg3+ {[%clk 0:06:14]} Qe5
{[%clk 0:05:30]} 35. Rd1+ {[%clk 0:04:49]} Ke7 {[%clk 0:05:11]} 36. Re1
{[%clk 0:05:14]} 1-0

[Event "WYCC Girls 12"]
[Site "Porto Carras"]
[Date "2015.10.26"]
[Round "2.11"]
[White "Pipia, Ekaterine"]
[Black "Hercog, Nusa"]
[Result "0-1"]
[BlackElo "1790"]
[WhiteElo "1606"]
[LiveChessVersion "1.4.6"]

1. d4 {[%clk 1:30:58]} d5 {[%clk 1:30:54]} 2. c4 {[%clk 1:31:23]} c6
{[%clk 1:31:20]} 3. e3 {[%clk 1:31:49]} Nf6 {[%clk 1:31:36]} 4. Nf3
{[%clk 1:32:13]} Bf5 {[%clk 1:31:55]} 5. Qb3 {[%clk 1:32:20]} Qc7
{[%clk 1:24:07]} 6. Nc3 {[%clk 1:31:25]} e6 {[%clk 1:23:22]} 7. Nh4
{[%clk 1:29:59]} Bg6 {[%clk 1:22:26]} 8. Nxg6 {[%clk 1:28:11]} hxg6
{[%clk 1:22:48]} 9. g3 {[%clk 1:26:26]} Be7 {[%clk 1:21:14]} 10. Bg2
{[%clk 1:20:58]} Nbd7 {[%clk 1:18:26]} 11. Bd2 {[%clk 1:17:17]} O-O
{[%clk 1:16:49]} 12. O-O {[%clk 1:14:01]} Nb6 {[%clk 1:12:10]} 13. c5
{[%clk 1:09:11]} Nc4 {[%clk 1:10:24]} 14. Qc2 {[%clk 1:03:20]} b6
{[%clk 1:08:28]} 15. b4 {[%clk 0:59:21]} bxc5 {[%clk 1:06:20]} 16. bxc5
{[%clk 0:54:58]} Rab8 {[%clk 1:04:14]} 17. Na4 {[%clk 0:50:49]} Qc8
{[%clk 0:57:48]} 18. a3 {[%clk 0:43:16]} Qc7 {[%clk 0:54:31]} 19. Rfb1
{[%clk 0:40:55]} Rxb1+ {[%clk 0:53:33]} 20. Rxb1 {[%clk 0:38:19]} Nxa3
{[%clk 0:53:06]} 21. Qc1 {[%clk 0:38:25]} Nxb1 {[%clk 0:53:23]} 22. Qxb1
{[%clk 0:38:51]} Rb8 {[%clk 0:53:22]} 23. Qc2 {[%clk 0:38:17]} Qb7
{[%clk 0:53:09]} 24. Nc3 {[%clk 0:36:52]} Bd8 {[%clk 0:52:32]} 25. Bf1
{[%clk 0:32:59]} Bc7 {[%clk 0:50:26]} 26. Bd3 {[%clk 0:30:59]} e5
{[%clk 0:49:04]} 27. dxe5 {[%clk 0:27:29]} Bxe5 {[%clk 0:49:21]} 28. f4
{[%clk 0:26:22]} Bc7 {[%clk 0:45:07]} 29. f5 {[%clk 0:22:12]} gxf5
{[%clk 0:44:40]} 30. Bxf5 {[%clk 0:21:51]} Be5 {[%clk 0:43:31]} 31. g4
{[%clk 0:20:42]} Qb2 {[%clk 0:35:54]} 32. Qxb2 {[%clk 0:16:58]} Rxb2
{[%clk 0:36:14]} 33. Be1 {[%clk 0:16:02]} g6 {[%clk 0:34:14]} 34. Bc8
{[%clk 0:14:26]} Rb8 {[%clk 0:32:24]} 35. Ba6 {[%clk 0:14:30]} Nxg4
{[%clk 0:32:24]} 36. Bg3 {[%clk 0:12:51]} Bxg3 {[%clk 0:31:50]} 37. hxg3
{[%clk 0:13:19]} Nxe3 {[%clk 0:31:20]} 38. Kf2 {[%clk 0:13:29]} Nf5
{[%clk 0:31:12]} 39. g4 {[%clk 0:13:03]} Ne7 {[%clk 0:31:23]} 40. Ke3
{[%clk 0:43:00]} f6 {[%clk 1:00:15]} 41. Ne2 {[%clk 0:42:50]} Rb4
{[%clk 0:59:07]} 42. Nd4 {[%clk 0:41:46]} Kf7 {[%clk 0:59:15]} 43. Be2
{[%clk 0:41:09]} f5 {[%clk 0:56:29]} 44. gxf5 {[%clk 0:41:24]} Nxf5+
{[%clk 0:56:02]} 45. Nxf5 {[%clk 0:41:46]} gxf5 {[%clk 0:56:29]} 46. Ba6
{[%clk 0:41:57]} Ke7 {[%clk 0:56:27]} 47. Bd3 {[%clk 0:41:58]} f4+
{[%clk 0:56:49]} 48. Ke2 {[%clk 0:42:06]} a5 {[%clk 0:57:12]} 49. Kd2
{[%clk 0:41:55]} Rb3 {[%clk 0:56:41]} 50. Bc2 {[%clk 0:42:03]} Rb2
{[%clk 0:56:52]} 51. Kc3 {[%clk 0:42:26]} Rxc2+ {[%clk 0:57:06]} 0-1

[Event "WYCC Girls 12"]
[Site "Porto Carras"]
[Date "2015.10.26"]
[Round "2.12"]
[White "Ning, Kaiyu"]
[Black "Hovhannisyan, Mane"]
[Result "0-1"]
[BlackElo "1590"]
[WhiteElo "1768"]
[LiveChessVersion "1.4.6"]

1. e4 {[%clk 1:30:57]} c6 {[%clk 1:30:55]} 2. d4 {[%clk 1:31:15]} d5
{[%clk 1:31:23]} 3. e5 {[%clk 1:31:37]} Bf5 {[%clk 1:31:47]} 4. g4
{[%clk 1:31:53]} Bg6 {[%clk 1:32:06]} 5. h4 {[%clk 1:32:16]} h6 {[%clk 1:25:12]}
6. h5 {[%clk 1:32:37]} Bh7 {[%clk 1:25:29]} 7. e6 {[%clk 1:32:31]} fxe6
{[%clk 1:24:41]} 8. Bd3 {[%clk 1:32:54]} Bxd3 {[%clk 1:24:23]} 9. Qxd3
{[%clk 1:32:48]} Qd6 {[%clk 1:24:07]} 10. Qg6+ {[%clk 1:32:55]} Kd8
{[%clk 1:24:15]} 11. Nf3 {[%clk 1:31:18]} Nd7 {[%clk 1:24:25]} 12. Qf7 Ngf6
{[%clk 1:14:55]} 13. g5 {[%clk 1:25:24]} Ne4 {[%clk 1:11:53]} 14. Nh4
{[%clk 1:20:00]} Kc7 {[%clk 0:48:30]} 15. Ng6 {[%clk 1:19:59]} Rh7
{[%clk 0:41:25]} 16. Bf4 {[%clk 1:18:45]} e5 {[%clk 0:41:35]} 17. Nxe5
{[%clk 1:18:49]} Nxg5 {[%clk 0:32:56]} 18. Qf5 {[%clk 1:18:53]} e6
{[%clk 0:32:59]} 19. Qg4 {[%clk 1:18:41]} Nf6 {[%clk 0:32:47]} 20. Qe2
{[%clk 1:17:43]} Kc8 {[%clk 0:28:47]} 21. Ng6 {[%clk 1:16:46]} Qd8
{[%clk 0:28:01]} 22. Bxg5 {[%clk 1:13:42]} hxg5 {[%clk 0:28:13]} 23. Qxe6+
{[%clk 1:14:03]} Kc7 {[%clk 0:26:07]} 24. Nd2 {[%clk 1:02:10]} Qd6
{[%clk 0:22:26]} 25. Qf5 {[%clk 1:00:35]} Re8+ {[%clk 0:21:59]} 26. Kd1
{[%clk 0:58:23]} Qb4 {[%clk 0:18:47]} 27. Nxf8 {[%clk 0:57:13]} Rxf8
{[%clk 0:17:52]} 28. Qe5+ {[%clk 0:56:05]} Kc8 {[%clk 0:17:23]} 29. Qf5+
{[%clk 0:49:16]} Kc7 {[%clk 0:17:22]} 30. Qe5+ {[%clk 0:49:10]} Kc8
{[%clk 0:16:53]} 31. Qf5+ {[%clk 0:48:28]} Kc7 {[%clk 0:17:14]} 32. Qxg5
{[%clk 0:39:30]} Qxd4 {[%clk 0:16:41]} 33. Qg3+ {[%clk 0:39:27]} Kc8
{[%clk 0:16:32]} 34. Qa3 {[%clk 0:37:50]} Re8 {[%clk 0:15:09]} 35. c3
{[%clk 0:28:33]} Qxf2 {[%clk 0:14:16]} 36. Kc2 {[%clk 0:28:17]} Ne4
{[%clk 0:12:30]} 37. Rad1 {[%clk 0:28:39]} Ng3 {[%clk 0:09:36]} 38. Rh4
{[%clk 0:27:37]} Qf5+ {[%clk 0:08:44]} 39. Kb3 {[%clk 0:27:45]} Rxh5
{[%clk 0:06:19]} 40. Rd4 {[%clk 0:57:01]} Ne2 {[%clk 0:35:42]} 41. Ra4
{[%clk 0:57:14]} a6 {[%clk 0:35:47]} 42. Rxa6 {[%clk 0:50:00]} Nd4+
{[%clk 0:34:52]} 43. cxd4 {[%clk 0:50:06]} Rh3+ {[%clk 0:35:14]} 0-1